|
|
|
|
| LEADER |
01098nam a2200289 a 4500 |
| 001 |
17648 |
| 003 |
BD-DhAAL |
| 005 |
20140514110130.0 |
| 008 |
140514s1993 maua b 000 0 eng d |
| 010 |
|
|
|a 92021560
|
| 020 |
|
|
|a 1557863466 (hbk : acidfree paper)
|
| 020 |
|
|
|a 1557863474(pbk : acidfree paper)
|
| 040 |
|
|
|a DLC
|c DLC
|d DLC
|d BD-DhAAL
|
| 041 |
|
|
|a eng
|
| 050 |
0 |
0 |
|a HQ1421
|b .A47 1993
|
| 082 |
0 |
0 |
|a 305.42/0973
|2 20
|
| 245 |
0 |
0 |
|a American feminist thought at century's end :
|b a reader /
|c edited by Linda S. Kauffman.
|
| 260 |
|
|
|a Cambridge, MA :
|b Blackwell,
|c 1993.
|
| 300 |
|
|
|a xxii, 477 p. :
|b ill. ;
|c 24 cm.
|
| 504 |
|
|
|a Includes bibliographical references.
|
| 541 |
|
|
|e 17648
|
| 650 |
|
0 |
|a Feminism
|z United States.
|9 3054
|
| 650 |
|
0 |
|a Feminist theory.
|9 4516
|
| 700 |
1 |
|
|a Kauffman, Linda S.,
|d 1949-
|9 4517
|
| 942 |
|
|
|2 ddc
|c BK
|
| 999 |
|
|
|c 14342
|d 14342
|
| 952 |
|
|
|0 0
|1 0
|2 ddc
|4 0
|6 305_420973000000000_AME
|7 0
|9 24315
|a BRACUL
|b BRACUL
|c GEN
|d 2014-05-14
|l 1
|m 2
|o 305.420973 AME
|p 3010017648
|r 2025-11-07
|s 2025-11-01
|t 1
|w 2014-05-14
|y BK
|x Transferred from ENH to Ayesha Abed library on 20/12/2023
|